| 000 | 00366nam a2200145 i 4500 | ||
|---|---|---|---|
| 001 | bg | ||
| 100 | 1 | _aPUZYNA, Czesław. | |
| 245 | 0 |
_aOchrona środowiska pracy przed hałasem. _nT. 1 / _cCzesław Puzyna. |
|
| 250 | _aWyd.3 uzup.i popr. | ||
| 260 |
_aWarszawa, _c1981. |
||
| 040 | _cBPK | ||
| 041 | _apol | ||
| 942 | _cKS | ||
| 008 | s pl f |000 0 pol | ||
| 999 |
_c5872 _d5872 |
||
| 856 |
_uhttp://koha.tu.koszalin.pl/cgi-bin/koha/opac-detail.pl?biblionumber=5872 _yKatalog online BPK |
||